Neighborhood justice in capitalist society: the expansion of the informal state

Guardado en:  
Detalles Bibliográficos
Autor principal: Hofrichter, Richard (Autor)
Tipo de documento: Print Libro
Lenguaje:Inglés
Publicado: New York [u.a.] Greenwood Press 1987
En: Contributions in political science (171)
Año: 1987
Edición:1. publ.
Disponibilidad en Tübingen:Disponible en Tübingen.
UB: KB 18 A 3253
Verificar disponibilidad: HBZ Gateway
Servicio de pedido Subito: Pedir ahora.
Palabras clave:

MARC

LEADER 00000cam a2200000 c 4500
001 040297179
003 DE-627
005 20251219213600.0
007 tu
008 950805s1987 xxu||||| 00| ||eng c
016 7 |a b8748654  |2 UK 
020 |a 0313256772  |9 0-313-25677-2 
035 |a (DE-627)040297179 
035 |a (DE-576)013643223 
035 |a (DE-599)GBV040297179 
035 |a (OCoLC)15222302 
035 |a (OCoLC)15222302 
035 |a (DE-604)8065599748 
040 |a DE-627  |b ger  |c DE-627  |e rakwb 
041 |a eng 
044 |c XD-US  |c XA-GB 
082 0 |a 347.307 
082 0 |a 347.73 
084 |a 3,6  |2 ssgn 
084 |a PU 5460  |2 rvk  |0 (DE-625)rvk/140644: 
084 |a PI 5020  |2 rvk  |0 (DE-625)rvk/136634: 
100 1 |a Hofrichter, Richard  |4 aut 
245 1 0 |a Neighborhood justice in capitalist society  |b the expansion of the informal state  |c Richard Hofrichter 
250 |a 1. publ. 
264 1 |a New York [u.a.]  |b Greenwood Press  |c 1987 
300 |a XXXIII, 192 S 
336 |a Text  |b txt  |2 rdacontent 
337 |a ohne Hilfsmittel zu benutzen  |b n  |2 rdamedia 
338 |a Band  |b nc  |2 rdacarrier 
490 1 |a Contributions in political science  |v 171 
500 |a Literaturverz. S. 163 - 185 
583 1 |a Massenentsäuerung nicht möglich  |2 pdager  |5 DE-18 
583 1 |a Archivierung/Langzeitarchivierung gewährleistet  |f SLG  |x XA-DE-BW  |z BfZ  |2 pdager  |5 DE-24 
583 1 |a Archivierung prüfen  |c 20240324  |f DE-4165  |z 1  |2 pdager 
689 0 0 |d g  |0 (DE-588)4078704-7  |0 (DE-627)106076612  |0 (DE-576)209209682  |a USA  |2 gnd 
689 0 1 |d s  |0 (DE-588)4139832-4  |0 (DE-627)105632430  |0 (DE-576)209697679  |a Rechtsstreit  |2 gnd 
689 0 2 |d s  |0 (DE-588)4284136-7  |0 (DE-627)104333227  |0 (DE-576)210788879  |a Beilegung  |2 gnd 
689 0 |5 (DE-627) 
830 0 |a Contributions in political science  |v 171  |9 17100  |w (DE-627)13003987X  |w (DE-576)007071132  |w (DE-600)429710-6  |x 0147-1066  |7 am 
935 |i Blocktest 
936 r v |a PU 5460  |b Gerichtsverfassung, Zivilprozess, Konkurs  |k Rechtswissenschaft  |k Ausländisches Privatrecht, Privatrechtsvergleichung und -vereinheitlichung  |k Einzelne Länder  |k USA  |k Gerichtsverfassung, Zivilprozess, Konkurs  |0 (DE-627)1270715437  |0 (DE-625)rvk/140644:  |0 (DE-576)200715437 
936 r v |a PI 5020  |b Einzeldarstellungen  |k Rechtswissenschaft  |k Allgemeine Rechtslehre und Rechtstheorie, Rechts- und Staatsphilosophie, Rechtssoziologie  |k Rechtssoziologie, Rechtstatsachenforschung  |k Einzeldarstellungen  |0 (DE-627)1271266474  |0 (DE-625)rvk/136634:  |0 (DE-576)201266474 
951 |a BO 
ELC |b 1 
LOK |0 000 xxxxxcx a22 zn 4500 
LOK |0 001 3282407882 
LOK |0 003 DE-627 
LOK |0 004 040297179 
LOK |0 005 20151023145132 
LOK |0 008 880201||||||||||||||||ger||||||| 
LOK |0 040   |a DE-21  |c DE-627  |d DE-21 
LOK |0 852   |a DE-21 
LOK |0 852 1  |c KB 18 A 3253  |9 00 
LOK |0 935   |a krim 
LOK |0 939   |a 01-02-88  |b l01 
ORI |a SA-MARC-krimdoka001.raw 
SIG |a UB: KB 18 A 3253